Kuwait City Quiz - Statistics

General Stats
  • This quiz has been taken 25 times
  • The average score is 2 of 5
Answer Stats
City % Correct
Kuwait City
89%
Jahra
56%
Farwaniya
50%
Hawalli
50%
Funtas
0%
No matching quizzes found
Score Distribution
Percent of People with Each Score
Percentile by Number Answered
Your Score History
You have not taken this quiz